000 01287nam a2200313 i 4500
001 bg
003 KOSZ 005
005 20220621133656.0
008 970510s1993 pl a |000 0 pol
015 _aPB 1994/9186
020 _a8323205116
035 _a(OCoLC)830054169
040 _aWA N
_cKOSZ 005/HR
_dKOSZ 005/HR
080 _a94(438).082
100 1 _aŁuczak, Czesław
_d(1922-2002)
_eAutor
245 1 0 _aPolska i Polacy w drugiej wojnie światowej /
_cCzesław Łuczak ; Uniwersytet im. Adama Mickiewicza w Poznaniu.
260 _aPoznań :
_bWydaw. Naukowe UAM,
_c1993.
300 _a715 s., [88] s. tabl., [3] k. map złoż. :
_bfaks., fot., portr. ;
_c25 cm.
380 _aKsiążki.
490 1 _aPolska - dzieje narodu, państwa i kultury / pod red. Jerzego Topolskiego ;
_vt. 5.
504 _aBibliogr. s. 869-711.
651 4 _aPolska
650 4 _aII wojna światowa (1939-1945)
710 2 _aUniwersytet im. Adama Mickiewicza w Poznaniu.
_bWydawnictwo Naukowe.
_4pbl.
700 1 _aTopolski, Jerzy
_d(1928-1998)
_eRedakcja
830 0 _aPolska - dzieje narodu, państwa i kultury ;
_vt. 5.
856 _uhttp://koha.tu.koszalin.pl/cgi-bin/koha/opac-detail.pl?biblionumber=32281
_yKatalog online BPK
942 _2UKD
_cKS
999 _c32281
_d32281